000 00956cam a2200313Ia 4500
001 10603476
003 OSt
005 20150408114221.0
008 130630s2014 nyu b 001 m eng d
020 _a9780393923391
020 _a0393923398
024 _a99956457516
035 _a(OCoLC)ocn851419046
035 _a(OCoLC)851419046
035 _a(NNC)10603476
040 _aBTCTA
_beng
_cBTCTA
_dBDX
_dYDXCP
_dIOT
050 4 _aPN6014
_b.N67 2014
082 _222
_a808
_bNOI
245 0 4 _aThe Norton Introduction to Literature /
_c[edited by] Kelly J. Mays.
250 _aPortable 11th ed.
260 _aNew York :
_bW W Norton & Co Inc.,
_c2014.
300 _axxxii, 1333, A36 p. ;
_bill. ;
_c22 cm.
504 _aIncludes bibliographical references, glossary and indexes.
650 0 _aLiterature
_vCollections.
_939245
700 1 _aMays, Kelly J.
_4edt
_945018
942 _2ddc
_cBOOK
948 1 _a20140124
_bc
_cas2107
_dMPS
999 _c35438
_d269938